Balatro Quiz - Jokers P1 - Statistics

General Stats
  • This quiz has been taken 12 times
  • The average score is 14 of 25
Answer Stats
Description Rarity Answer % Correct
+4 Mult Common Joker
100%
Retrigger all card held in hand abilities Uncommon Mime
92%
Go up to -$20 in debt Common Credit Card
83%
X1 Mult for each empty Joker slot [_____ _____ included] Uncommon Joker Stencil
83%
When Blind is selected, destroy Joker to the right and permanently add double its sell value to this Mult Uncommon Ceremonial Dagger
75%
All Flushes and Straights can be made with 4 cards Uncommon Four Fingers
75%
+20 Mult if played hand contains 3 or fewer cards Common Half Joker
75%
Played cards with Heart suit give +3 Mult when scored Common Lusty Joker
75%
Adds one Stone card to deck when Blind is selected Uncommon Marble Joker
75%
X4 Mult every 6 hands played Common Loyalty Card
67%
+12 Mult if played hand contains a Three of a Kind Common Zany Joker
67%
Played cards with Club suit give +3 Mult when scored Common Gluttonous Joker
58%
+15 Mult when 0 discards remaining Common Mystic Summit
58%
Played cards with Spade suit give +3 Mult when scored Common Wrathful Joker
58%
+30 Chips for each remaining discard Common Banner
50%
+12 Mult if played hand contains a Straight Common Crazy Joker
42%
+10 Mult if played hand contains a Flush Common Droll Joker
42%
Played cards with Diamond suit give +3 Mult when scored Common Greedy Joker
42%
+8 Mult if played hand contains a Pair Common Jolly Joker
42%
+100 Chips if played hand contains a Straight Common Devious Joker
33%
+10 Mult if played hand contains a Two Pair Common Mad Joker
25%
+50 Chips if played hand contains a Pair Common Sly Joker
25%
+100 Chips if played hand contains a Three of a Kind Common Wily Joker
25%
+80 Chips if played hand contains a Two Pair Common Clever Joker
17%
+80 Chips if played hand contains a Flush Common Crafty Joker
17%
No matching quizzes found
Score Distribution
Percent of People with Each Score
Percentile by Number Answered
Your Score History
You have not taken this quiz